000 00619nam a2200181Ia 4500
003 GCL
005 20240530105436.0
008 140319s9999 xx 000 0 ara d
040 _aGCL /
_cGCL
082 0 4 _a811.009
_bم ف
100 1 _aمحيى الدين صبحى
245 1 0 _aنظرية الشعر العربى من خلال نقد المتنبى فى القران الرابع الهجرى /
_cمحيى الدين صبحى
260 _a[S.N] :
_bالدار العربية للكتاب ،
_c1981
300 _a270 ص
650 0 4 _aالشعر العربى
650 0 4 _aتاريخ ونقد
942 _2ddc
_cBK
999 _c56093
_d56093